000 00454cam a2200181ua 4500
001 3089
008 110928n ii |||gr||||Z||||||asm
040 _cMAIN
082 _a891.4513
100 _aBharali, Sailen,
_eAuthor.
245 1 1 _aAsamiya otihasik upanyas
_cby Sailen Bharali
250 _a2nd.
260 _aGuahati:
_bBani Prakash,987.
300 _a108p:
_c23cm.
653 _aAssamese novel
653 _aAsamiya otihasik upanyas
942 _cBK
999 _c2935
_d2935